People's mission to the Ottoman Empire/ (Record no. 91251)

MARC details
000 -LEADER
fixed length control field 00866nam a22002417a 4500
010 ## - LCCN (DPL NO)
LC control number ENG-112106 ENG-136616
020 ## - INTERNATIONAL STANDARD BOOK NUMBER
International Standard Book Number 9780198099574
Terms of availability 995.00
020 ## - INTERNATIONAL STANDARD BOOK NUMBER
International Standard Book Number 0198099576
Terms of availability 995.00
035 ## - SYSTEM CONTROL NUMBER
System control number EN-95638 EN-120148
037 ## - SOURCE OF ACQUISITION
Source of stock number/acquisition DBAD/PUB
082 ## - DEWEY DECIMAL CLASSIFICATION NUMBER
Classification number 949.60391
100 ## - MAIN ENTRY--PERSONAL NAME
Personal name Akcapar, Burak
245 ## - TITLE STATEMENT
Title People's mission to the Ottoman Empire/
Statement of responsibility, etc by Burak Akcapar
260 ## - PUBLICATION, DISTRIBUTION, ETC. (IMPRINT)
Place of publication, distribution, etc New Delhi
Name of publisher, distributor, etc Oxford University Press
Date of publication, distribution, etc 2015
270 ## - ADDRESS
Address YMCA Library Building, 1, Jai Singh Road,
City New Delhi
Postal code 110001
300 ## - PHYSICAL DESCRIPTION
Extent xii,336p.
Dimensions 23cm(Hb)
500 ## - GENERAL NOTE
General note Includes bibliographical references (pages 318-325) and index
600 ## - SUBJECT ADDED ENTRY--PERSONAL NAME
Personal name Ansari, M. A.
Dates associated with a name 1880-1936
General subdivision Correspondence.
650 ## - SUBJECT ADDED ENTRY--TOPICAL TERM
Topical term or geographic name as entry element Missions, Medical
Geographic subdivision Turkey
General subdivision History.
650 ## - SUBJECT ADDED ENTRY--TOPICAL TERM
Topical term or geographic name as entry element Panislamism.
650 ## - SUBJECT ADDED ENTRY--TOPICAL TERM
Topical term or geographic name as entry element Physicians
General subdivision history
Geographic subdivision Ottoman Empire.
942 ## - ADDED ENTRY ELEMENTS (KOHA)
Source of classification or shelving scheme Dewey Decimal Classification
Item type English Books
Call number suffix AKC
Classification part 949.60391
Holdings
Withdrawn status Lost status Not for loan Collection code Home library Current library Date acquired Source of acquisition Cost, normal purchase price Full call number Barcode Copy number Cost, replacement price Koha item type
      Non-fiction Central Library Central Library 05/04/2023 DBAD 995.00 949.60391 AKC EN-120148 1 995.00 English Books
    Not For Loan Non-fiction D.B.Act.Division D.B.Act.Division 05/02/2015 DBAD/PUB 995.00 949.60391 AKC EN-95638 1 995.00 English Books

© Delhi Public Library
Hit Counter
free hit counter